[Event "ENCI Limburg-open A"]
[Site "Maastricht"]
[Date "2011.06.12"]
[Round "4"]
[White "Driessens, Patrick"]
[Black "Koop, Soeren"]
[Result "1-0"]
[WhiteElo "2324"]
[BlackElo "2045"]
[PlyCount "49"]
[EventDate "2011.06.10"]
[EventType "swiss"]
[EventRounds "7"]
[EventCountry "NED"]
[Source "P.Boonen"]
[SourceDate "2012.01.01"]

1. Nf3 Nf6 2. c4 c6 3. Nc3 d5 4. e3 e6 5. d4 Nbd7 6. Bd3 dxc4 7. Bxc4 b5 8. Bd3
b4 9. Ne4 Nxe4 10. Bxe4 Qb6 11. Nd2 Ba6 12. b3 Rc8 13. Nc4 Bxc4 14. bxc4 c5 15.
Bb2 Be7 16. dxc5 Nxc5 17. Bxg7 Rg8 18. Bd4 Qa6 19. Bxc5 Rxc5 20. O-O Qxc4 21.
Qf3 h5 22. Rad1 a5 23. Rd4 Qxa2 24. Bh7 Kf8 25. Qa8+ 1-0

[Event "ENCI Limburg-open A"]
[Site "Maastricht"]
[Date "2011.06.12"]
[Round "4"]
[White "Esser, Norbert"]
[Black "Scholzen, Wolfgang"]
[Result "1/2-1/2"]
[WhiteElo "2185"]
[BlackElo "2082"]
[PlyCount "33"]
[EventDate "2011.06.10"]
[EventType "swiss"]
[EventRounds "7"]
[EventCountry "NED"]
[Source "P.Boonen"]
[SourceDate "2012.01.01"]

1. e4 e5 2. Nf3 Nc6 3. Bb5 a6 4. Bxc6 dxc6 5. O-O Bg4 6. h3 h5 7. d3 Qf6 8.
Nbd2 Ne7 9. Nc4 Bxf3 10. Qxf3 Qxf3 11. gxf3 Ng6 12. Be3 c5 13. Rfd1 Bd6 14. Kf1
Nf8 15. Ke2 Ne6 16. c3 f6 17. a3 1/2-1/2

[Event "ENCI Limburg-open A"]
[Site "Maastricht"]
[Date "2011.06.12"]
[Round "4"]
[White "Eulering, Georg"]
[Black "Vandevoort, Pascal"]
[Result "0-1"]
[WhiteElo "2104"]
[BlackElo "2400"]
[PlyCount "90"]
[EventDate "2011.06.10"]
[EventType "swiss"]
[EventRounds "7"]
[EventCountry "NED"]
[Source "P.Boonen"]
[SourceDate "2012.01.01"]

1. e4 c5 2. c3 Nf6 3. e5 Nd5 4. d4 cxd4 5. Qxd4 e6 6. Nf3 Nc6 7. Qe4 f5 8. Qe2
Qc7 9. g3 Nde7 10. Bg2 Ng6 11. Bf4 Nxf4 12. gxf4 Ne7 13. Nh4 d5 14. Na3 Bd7 15.
O-O g6 16. Nf3 Rc8 17. Rac1 Bh6 18. Qd2 b5 19. Rfe1 a6 20. Bf1 Bf8 21. Nc2 Nc6
22. Ne3 Nd8 23. Nd4 Be7 24. a4 Rb8 25. axb5 axb5 26. Ra1 O-O 27. Ra6 Rb6 28.
Rea1 Rxa6 29. Rxa6 Qb7 30. Ra1 g5 31. Nec2 gxf4 32. Qxf4 Kh8 33. Be2 Nf7 34.
Qe3 f4 35. Qxf4 Qb8 36. Nf3 Ng5 37. Qe3 Nxf3+ 38. Bxf3 Qd8 39. Ra7 Bg5 40. Rxd7
Qxd7 41. Qxg5 Rg8 42. Qxg8+ Kxg8 43. Nd4 Qg7+ 44. Kh1 Qg6 45. Nxb5 Qd3 0-1

[Event "ENCI Limburg-open A"]
[Site "Maastricht"]
[Date "2011.06.12"]
[Round "4"]
[White "Fedorchuk, Sergey A"]
[Black "Bijlsma, Nick"]
[Result "1-0"]
[WhiteElo "2654"]
[BlackElo "2177"]
[PlyCount "73"]
[EventDate "2011.06.10"]
[EventType "swiss"]
[EventRounds "7"]
[EventCountry "NED"]
[Source "P.Boonen"]
[SourceDate "2012.01.01"]

1. e4 c5 2. Nf3 d6 3. d4 cxd4 4. Nxd4 Nf6 5. Nc3 a6 6. Be3 e6 7. Be2 Be7 8. O-O
Qc7 9. a4 Nc6 10. Kh1 O-O 11. f4 Re8 12. Bf3 Bd7 13. Nb3 b6 14. g4 Bc8 15. g5
Nd7 16. Bg2 Bf8 17. Rf3 g6 18. Rh3 Bg7 19. Qd2 Nf8 20. Rd1 Rd8 21. Bg1 Rb8 22.
Rd3 Na5 23. Nxa5 bxa5 24. b3 Nd7 25. e5 dxe5 26. Ne4 exf4 27. Bc5 Be5 28. Bd6
Bxd6 29. Rxd6 Rb6 30. Nf6+ Kg7 31. Rd3 Qe5 32. Nxd7 Bxd7 33. Rxd7 Rxd7 34. Qxd7
Rb4 35. Qe7 Qf5 36. Rd8 f3 37. Qf8# 1-0

[Event "ENCI Limburg-open A"]
[Site "Maastricht"]
[Date "2011.06.12"]
[Round "4"]
[White "Fier, Alexandr"]
[Black "Turov, Maxim"]
[Result "1-0"]
[WhiteElo "2560"]
[BlackElo "2634"]
[PlyCount "67"]
[EventDate "2011.06.10"]
[EventType "swiss"]
[EventRounds "7"]
[EventCountry "NED"]
[Source "P.Boonen"]
[SourceDate "2012.01.01"]

1. e4 e5 2. Nf3 Nc6 3. Bb5 a6 4. Ba4 Nge7 5. Nc3 d6 6. a3 Bd7 7. Bb3 Be6 8. Nd5
Ng6 9. d3 Be7 10. c3 O-O 11. h4 Re8 12. Ng5 Nf8 13. Nxe6 fxe6 14. Nxe7+ Qxe7
15. Be3 b5 16. h5 Na5 17. Bc2 c5 18. h6 g6 19. O-O d5 20. exd5 exd5 21. b4 Nb7
22. bxc5 Nxc5 23. d4 Ne4 24. Bxe4 dxe4 25. a4 exd4 26. cxd4 Qf7 27. axb5 axb5
28. d5 Rad8 29. Ra7 Rd7 30. Rxd7 Nxd7 31. Qd4 Re5 32. Qa1 Rxd5 33. Rc1 Nf8 34.
Rc8 1-0

[Event "ENCI Limburg-open A"]
[Site "Maastricht"]
[Date "2011.06.12"]
[Round "4"]
[White "Friese, Henning"]
[Black "Dambacher, Martijn"]
[Result "0-1"]
[WhiteElo "2077"]
[BlackElo "2500"]
[PlyCount "78"]
[EventDate "2011.06.10"]
[EventType "swiss"]
[EventRounds "7"]
[EventCountry "NED"]
[Source "P.Boonen"]
[SourceDate "2012.01.01"]

1. Nf3 Nf6 2. c4 e6 3. Nc3 c5 4. g3 b6 5. Bg2 Bb7 6. O-O d6 7. Re1 Nbd7 8. e4
Qc7 9. d4 cxd4 10. Nxd4 Be7 11. Be3 a6 12. f4 g6 13. Rc1 Rc8 14. e5 dxe5 15.
fxe5 Nh5 16. Nd5 exd5 17. cxd5 Qb8 18. Nc6 Bxc6 19. dxc6 Nxe5 20. Bd4 Bd6 21.
c7 Rxc7 22. Bxe5 Bxe5 23. Rxe5+ Re7 24. Rxe7+ Kxe7 25. Qe2+ Kf8 26. Qxa6 Kg7
27. Rc6 Rd8 28. Qxb6 Rd1+ 29. Bf1 Qe5 30. Rc2 Nf6 31. Qc5 Qxc5+ 32. Rxc5 Ne4
33. Rc4 Rxf1+ 34. Kg2 Re1 35. Rc2 f5 36. b4 Rb1 37. a3 Rb3 38. Ra2 Kf6 39. Kg1
Ke5 0-1

[Event "ENCI Limburg-open A"]
[Site "Maastricht"]
[Date "2011.06.12"]
[Round "4"]
[White "Goes, Sten"]
[Black "Henrichs, Thomas"]
[Result "0-1"]
[WhiteElo "2099"]
[BlackElo "2469"]
[PlyCount "44"]
[EventDate "2011.06.10"]
[EventType "swiss"]
[EventRounds "7"]
[EventCountry "NED"]
[Source "P.Boonen"]
[SourceDate "2012.01.01"]

1. e4 c5 2. Nf3 e6 3. d4 cxd4 4. Nxd4 a6 5. Nc3 Qc7 6. Bd3 Nf6 7. O-O Nc6 8.
Be3 Ne5 9. Nf3 Nfg4 10. Bf4 Bd6 11. Nxe5 Nxe5 12. Bg3 h5 13. f4 h4 14. Be1 Nxd3
15. cxd3 Bxf4 16. g3 hxg3 17. hxg3 Bxg3 18. Qf3 Bxe1 19. Qxf7+ Kd8 20. Rfxe1
Qg3+ 21. Kf1 Rh1+ 22. Ke2 Rh2+ 0-1

[Event "ENCI Limburg-open A"]
[Site "Maastricht"]
[Date "2011.06.12"]
[Round "4"]
[White "Haast, Mark"]
[Black "De Cauter, Wolfgang"]
[Result "1-0"]
[WhiteElo "2249"]
[BlackElo "2014"]
[PlyCount "75"]
[EventDate "2011.06.10"]
[EventType "swiss"]
[EventRounds "7"]
[EventCountry "NED"]
[Source "P.Boonen"]
[SourceDate "2012.01.01"]

1. e4 e6 2. d3 c5 3. Nf3 b6 4. g3 Bb7 5. Bg2 d6 6. O-O Be7 7. c3 Nd7 8. Nbd2 h5
9. a4 h4 10. Qe2 hxg3 11. hxg3 Nh6 12. b4 Bf6 13. d4 e5 14. Nc4 Qe7 15. dxc5
dxc5 16. Rd1 O-O 17. Bxh6 gxh6 18. Nd6 Bc8 19. Qd2 Rd8 20. Bh3 Bg7 21. Nf5 Qf6
22. Nxg7 Kxg7 23. Nh4 h5 24. Qd6 Qxd6 25. Rxd6 Kf8 26. Rad1 Ke8 27. Nf5 cxb4
28. cxb4 Ba6 29. b5 Bc8 30. Ng7+ Ke7 31. Nxh5 a6 32. Nf6 Ra7 33. Nxd7 Bxd7 34.
Rxd7+ Rdxd7 35. Rxd7+ Rxd7 36. Bxd7 Kxd7 37. bxa6 Kc7 38. f4 1-0

[Event "ENCI Limburg-open A"]
[Site "Maastricht"]
[Date "2011.06.12"]
[Round "4"]
[White "Heinichen, Nils"]
[Black "Van Assendelft, Floris"]
[Result "0-1"]
[WhiteElo "2058"]
[BlackElo "2384"]
[PlyCount "76"]
[EventDate "2011.06.10"]
[EventType "swiss"]
[EventRounds "7"]
[EventCountry "NED"]
[Source "P.Boonen"]
[SourceDate "2012.01.01"]

1. d4 e6 2. c4 c5 3. e3 Nf6 4. Nc3 cxd4 5. exd4 d5 6. Nf3 Be7 7. Bg5 O-O 8. Be2
dxc4 9. Bxc4 b6 10. O-O Bb7 11. Qe2 Nc6 12. Rfd1 Nb4 13. Rac1 Rc8 14. Ne5 Nfd5
15. Bxe7 Qxe7 16. a3 Nf4 17. Qg4 Nbd5 18. Nxd5 Nxd5 19. h4 Rc7 20. Bd3 Nf6 21.
Qg3 Rxc1 22. Rxc1 Rd8 23. Nc6 Bxc6 24. Rxc6 Qd7 25. Rc7 Qxd4 26. Rxa7 g6 27.
Qc7 Rf8 28. Bb5 Nd5 29. Qb7 Qxb2 30. a4 Kg7 31. g3 h5 32. Qc6 Qf6 33. Bc4 Rd8
34. Bxd5 Rxd5 35. Kg2 Qe5 36. Qb7 Qe4+ 37. Kh2 Qf3 38. Qxb6 Rd2 0-1

[Event "ENCI Limburg-open A"]
[Site "Maastricht"]
[Date "2011.06.12"]
[Round "4"]
[White "Heltzel, Joost"]
[Black "Van den Ouden, Lendert"]
[Result "1-0"]
[WhiteElo "2228"]
[BlackElo "2016"]
[PlyCount "57"]
[EventDate "2011.06.10"]
[EventType "swiss"]
[EventRounds "7"]
[EventCountry "NED"]
[Source "P.Boonen"]
[SourceDate "2012.01.01"]

1. e4 c6 2. d4 d5 3. exd5 cxd5 4. Bd3 Nc6 5. c3 Qc7 6. Ne2 Bg4 7. f3 Bd7 8. Bf4
e5 9. dxe5 Nxe5 10. Bc2 Nf6 11. Nd2 Bd6 12. Bg5 Ng8 13. Nd4 f6 14. Be3 Ne7 15.
Qe2 a6 16. O-O-O O-O-O 17. Kb1 Kb8 18. Rhe1 Rhe8 19. g3 g6 20. Qf2 Rc8 21. Qg1
Qa5 22. f4 Ng4 23. N4b3 Qc7 24. Bb6 Qc6 25. Na5 Qb5 26. a4 Bc5 27. axb5 Bxg1
28. Bxg1 Bxb5 29. Nf3 1-0

[Event "ENCI Limburg-open A"]
[Site "Maastricht"]
[Date "2011.06.12"]
[Round "4"]
[White "Iseringhausen, Martin"]
[Black "Bus, Tom"]
[Result "0-1"]
[WhiteElo "2064"]
[BlackElo "2206"]
[PlyCount "110"]
[EventDate "2011.06.10"]
[EventType "swiss"]
[EventRounds "7"]
[EventCountry "NED"]
[Source "P.Boonen"]
[SourceDate "2012.01.01"]

1. e4 c5 2. Nc3 Nc6 3. g3 g6 4. Bg2 Bg7 5. d3 d6 6. f4 e6 7. Nf3 Nge7 8. O-O
O-O 9. Be3 Nd4 10. e5 Bd7 11. Bf2 Bc6 12. exd6 Nef5 13. Ne4 Nxf3+ 14. Bxf3 b6
15. c3 Rc8 16. Qe2 Nxd6 17. Rfd1 Re8 18. Ng5 Qd7 19. Bxc6 Qxc6 20. Nf3 Nf5 21.
Rd2 Rcd8 22. Rad1 h5 23. d4 c4 24. Ne5 Bxe5 25. dxe5 Rd5 26. Rxd5 exd5 27. g4
hxg4 28. Qxg4 Qe6 29. Qg2 Rd8 30. Kh1 Rd7 31. Qg5 b5 32. Rd2 a5 33. Qg2 Kg7 34.
h3 Kh7 35. Kh2 b4 36. Bc5 Qc6 37. Bd6 Qb6 38. Qg1 d4 39. cxd4 Nxd6 40. exd6
Qxd6 41. Qg3 Qd5 42. Qe3 Rd6 43. Qe5 c3 44. bxc3 bxc3 45. Qxd5 Rxd5 46. Rc2
Rxd4 47. Rxc3 Rd2+ 48. Kg3 Rxa2 49. Rc7 Kg7 50. Ra7 Ra1 51. f5 gxf5 52. Kf4 Kg8
53. h4 Ra4+ 54. Ke5 Re4+ 55. Kd5 a4 0-1

[Event "ENCI Limburg-open A"]
[Site "Maastricht"]
[Date "2011.06.12"]
[Round "4"]
[White "Jagodzinski, Andreas"]
[Black "Bezemer, Arno"]
[Result "1/2-1/2"]
[WhiteElo "2163"]
[BlackElo "2335"]
[PlyCount "28"]
[EventDate "2011.06.10"]
[EventType "swiss"]
[EventRounds "7"]
[EventCountry "NED"]
[Source "P.Boonen"]
[SourceDate "2012.01.01"]

1. Nf3 Nf6 2. c4 g6 3. Nc3 Bg7 4. d4 d5 5. cxd5 Nxd5 6. Qb3 Nb6 7. Bf4 O-O 8.
e3 Be6 9. Qc2 c6 10. Be2 Bc4 11. O-O N8d7 12. Rfd1 Bxe2 13. Qxe2 Qe8 14. Rac1
e5 1/2-1/2

[Event "ENCI Limburg-open A"]
[Site "Maastricht"]
[Date "2011.06.12"]
[Round "4"]
[White "Jahncke, Giso"]
[Black "Roufs, Gerard"]
[Result "1-0"]
[WhiteElo "2208"]
[BlackElo "2006"]
[PlyCount "67"]
[EventDate "2011.06.10"]
[EventType "swiss"]
[EventRounds "7"]
[EventCountry "NED"]
[Source "P.Boonen"]
[SourceDate "2012.01.01"]

1. e4 c5 2. Nf3 e6 3. d4 cxd4 4. Nxd4 Nc6 5. Nc3 Qc7 6. Be3 a6 7. Qd2 Nf6 8.
O-O-O Bb4 9. f3 Ne5 10. Nb3 b5 11. Qe1 Be7 12. f4 Nc4 13. e5 Nd5 14. Nxd5 exd5
15. Bd4 a5 16. Kb1 a4 17. Nc1 b4 18. f5 Bc5 19. Bxc5 Qxc5 20. Nd3 Qa7 21. Nxb4
Ne3 22. Rd3 d4 23. f6 Bb7 24. Qh4 Nf5 25. fxg7 Nxg7 26. Qf6 Rg8 27. Rg3 Qc5 28.
a3 Qf8 29. Qb6 Be4 30. Bd3 Bxd3 31. Rxd3 Ne6 32. Nd5 Rxg2 33. Nf6+ Ke7 34. Qd6+
1-0

[Event "ENCI Limburg-open A"]
[Site "Maastricht"]
[Date "2011.06.12"]
[Round "4"]
[White "Klein, David"]
[Black "Hoornstra, Hans"]
[Result "1-0"]
[WhiteElo "2359"]
[BlackElo "1967"]
[PlyCount "67"]
[EventDate "2011.06.10"]
[EventType "swiss"]
[EventRounds "7"]
[EventCountry "NED"]
[Source "P.Boonen"]
[SourceDate "2012.01.01"]

1. c4 c5 2. Nf3 b6 3. g3 Bb7 4. Bg2 Nf6 5. Nc3 e6 6. O-O d6 7. b3 Be7 8. d4
cxd4 9. Qxd4 Nc6 10. Qf4 a6 11. Rd1 Qc7 12. Ba3 Rd8 13. Rac1 O-O 14. Nd5 exd5
15. cxd5 Qd7 16. dxc6 Bxc6 17. Qe3 Qb7 18. Rxc6 Qxc6 19. Qxe7 Rfe8 20. Qxf7+
Kxf7 21. Ng5+ Kg6 22. Bxc6 Kxg5 23. Bxe8 Rxe8 24. e3 d5 25. Bb2 Rd8 26. Bd4 Rd6
27. Rc1 g6 28. Rc7 Nd7 29. Kg2 h5 30. h3 Kf5 31. f3 g5 32. g4+ Kg6 33. f4 h4
34. f5+ 1-0

[Event "ENCI Limburg-open A"]
[Site "Maastricht"]
[Date "2011.06.12"]
[Round "4"]
[White "Krueger, Norbert"]
[Black "Vogel, Jaap"]
[Result "0-1"]
[WhiteElo "2110"]
[BlackElo "2223"]
[PlyCount "126"]
[EventDate "2011.06.10"]
[EventType "swiss"]
[EventRounds "7"]
[EventCountry "NED"]
[Source "P.Boonen"]
[SourceDate "2012.01.01"]

1. e4 e6 2. d4 d5 3. exd5 exd5 4. Nf3 Bd6 5. c4 Nf6 6. Bd3 dxc4 7. Bxc4 O-O 8.
O-O Nc6 9. h3 Bf5 10. Nc3 h6 11. Be3 a6 12. Bd3 Qd7 13. Bxf5 Qxf5 14. Qd2 Rad8
15. Rfd1 Rfe8 16. Qd3 Qxd3 17. Rxd3 Nb4 18. Rd2 Nbd5 19. Nxd5 Nxd5 20. Rd3 Re6
21. Rad1 Be7 22. Bd2 Rb6 23. Bc3 Bd6 24. R3d2 Re8 25. g3 Rc6 26. Rd3 Re2 27.
R1d2 Rxd2 28. Nxd2 b5 29. a3 Be7 30. Nb1 a5 31. b3 Bxa3 32. Bd2 Bb4 33. Bxb4
Nxb4 34. Rd1 Rd6 35. Nc3 c6 36. Ne4 Rd8 37. Nc5 Nc2 38. Nb7 Rxd4 39. Rc1 Nb4
40. Nxa5 Rd6 41. Nb7 Rd2 42. Na5 Rd6 43. Nb7 Re6 44. Nd8 Rf6 45. Kf1 Kf8 46.
Rc3 Ke7 47. Nb7 Kd7 48. Nc5+ Kc7 49. Ke2 Rd6 50. f3 Kb6 51. Ne4 Re6 52. Kd2 Re5
53. Rc1 Rd5+ 54. Ke2 f5 55. Nd2 Re5+ 56. Kf1 Nd3 57. Rd1 Re3 58. g4 f4 59. h4
Ka5 60. g5 hxg5 61. hxg5 Kb4 62. Kg2 Re2+ 63. Kh3 Nf2+ 0-1

[Event "ENCI Limburg-open A"]
[Site "Maastricht"]
[Date "2011.06.12"]
[Round "4"]
[White "Luncescu, Christian"]
[Black "Van Oosterom, Chiel"]
[Result "1/2-1/2"]
[WhiteElo "2190"]
[BlackElo "2422"]
[PlyCount "166"]
[EventDate "2011.06.10"]
[EventType "swiss"]
[EventRounds "7"]
[EventCountry "NED"]
[Source "P.Boonen"]
[SourceDate "2012.01.01"]

1. e4 c5 2. Nc3 Nc6 3. g3 g6 4. Bg2 Bg7 5. d3 d6 6. Be3 e5 7. Qd2 Nge7 8. f4
Nd4 9. Nf3 Bg4 10. O-O Qd7 11. Rab1 O-O 12. Ne2 b6 13. fxe5 dxe5 14. Nexd4 cxd4
15. Bh6 f6 16. Bxg7 Kxg7 17. Rf2 Be6 18. c4 b5 19. b3 a5 20. Rbf1 b4 21. h4 h5
22. Kh2 Ng8 23. Kg1 Qd6 24. Nh2 Rf7 25. Bf3 Nh6 26. Bd1 Bh3 27. Re1 Bd7 28. Rg2
Bh3 29. Rf2 Ra6 30. Nf3 Qc5 31. Kh2 Bd7 32. Kg2 a4 33. Nh2 axb3 34. axb3 Ra1
35. Bf3 Ra3 36. Bd1 Be6 37. Ref1 Ra6 38. Qc1 Qc8 39. Kg1 Bh3 40. Re1 Rfa7 41.
Rb2 Nf7 42. Qd2 Rb6 43. Ra2 Rxa2 44. Qxa2 Qa6 45. Re2 Nd8 46. Rf2 Ne6 47. Qb1
Qb7 48. Ra2 Ra6 49. Qa1 Nc5 50. Bc2 Bg4 51. Kf2 f5 52. Rxa6 Qxa6 53. Qxa6 Nxa6
54. Nf3 Bxf3 55. Kxf3 Nc5 56. Ke2 Kf6 57. Kf3 Ne6 58. Bd1 Nc5 59. Bc2 g5 60.
exf5 Kxf5 61. hxg5 Kxg5 62. Kf2 Kf5 63. Kg2 Kf6 64. Kf3 Kg5 65. Kf2 h4 66.
gxh4+ Kxh4 67. Kf3 Kg5 68. Kg3 e4 69. dxe4 d3 70. Bd1 Nxe4+ 71. Kf3 Nc3 72. Ke3
Nxd1+ 73. Kxd3 Kf5 74. c5 Nc3 75. Kc4 Na2 76. Kd5 Nc3+ 77. Kc4 Na2 78. c6 Ke6
79. Kc5 Nc1 80. Kxb4 Kd6 81. Kb5 Nxb3 82. Kb6 Na5 83. c7 Kd7 1/2-1/2

[Event "ENCI Limburg-open A"]
[Site "Maastricht"]
[Date "2011.06.12"]
[Round "4"]
[White "Magnussen, Helge"]
[Black "Van Dijk, Harold"]
[Result "1-0"]
[WhiteElo "2131"]
[BlackElo "2329"]
[PlyCount "137"]
[EventDate "2011.06.10"]
[EventType "swiss"]
[EventRounds "7"]
[EventCountry "NED"]
[Source "P.Boonen"]
[SourceDate "2012.01.01"]

1. d4 Nf6 2. c4 g6 3. g3 Bg7 4. Bg2 O-O 5. Nf3 d6 6. O-O c6 7. Nc3 Qa5 8. Re1
Be6 9. Qd3 d5 10. cxd5 cxd5 11. Bf4 Nc6 12. a3 Bf5 13. Qe3 Rac8 14. h3 Qb6 15.
b4 Nxd4 16. Nxd4 Rxc3 17. Qxc3 Ne4 18. Qb3 Bxd4 19. Be3 Bxe3 20. Qxe3 d4 21.
Qf4 Nc3 22. g4 Be6 23. Rac1 Rd8 24. Qd2 Nb5 25. Qd3 Qa6 26. Rc5 Nxa3 27. Qxa6
bxa6 28. Ra1 d3 29. exd3 Rxd3 30. Kh2 Kg7 31. Be4 Rd4 32. Rxa3 Rxe4 33. Rxa6
Rxb4 34. Rxa7 h5 35. gxh5 Rh4 36. hxg6 Rxh3+ 37. Kg2 Kxg6 38. Rxe7 Ra3 39. Re8
Kf6 40. Rb8 Rd3 41. Rb4 Bd5+ 42. Kh2 Be6 43. Rf4+ Ke7 44. Re5 Kd6 45. Re3 Rd1
46. Ra4 Ke7 47. f4 Kf6 48. Kg3 Rg1+ 49. Kf2 Rd1 50. Ra5 Rd2+ 51. Kg3 Bd5 52.
Re5 Be6 53. Reb5 Rd3+ 54. Kf2 Bg4 55. Ra6+ Ke7 56. Re5+ Kd8 57. Ra8+ Kd7 58.
Ra7+ Kd6 59. Rxf7 Bd1 60. Re3 Rd5 61. Rfe7 Bg4 62. Kg3 Bd7 63. R7e5 Rd1 64. f5
Rd4 65. Ra5 Rd1 66. Ra6+ Kc7 67. f6 Rf1 68. Ra7+ Kc6 69. Rc3+ 1-0

[Event "ENCI Limburg-open A"]
[Site "Maastricht"]
[Date "2011.06.12"]
[Round "4"]
[White "Memeti, Kastriot"]
[Black "Gunther, Justin"]
[Result "1-0"]
[WhiteElo "2209"]
[BlackElo "2054"]
[PlyCount "93"]
[EventDate "2011.06.10"]
[EventType "swiss"]
[EventRounds "7"]
[EventCountry "NED"]
[Source "P.Boonen"]
[SourceDate "2012.01.01"]

1. d4 Nf6 2. Nf3 e6 3. Bf4 b6 4. e3 Bb7 5. Bd3 Be7 6. h3 O-O 7. O-O d5 8. Nbd2
Nbd7 9. Ne5 Re8 10. Qf3 Nf8 11. Bb5 N6d7 12. Nxf7 Qc8 13. Ne5 Nxe5 14. Bxe5 c6
15. Bd3 Ba6 16. e4 Bxd3 17. Qxd3 Ng6 18. Bg3 Rf8 19. Rae1 Qd7 20. Qe3 Bf6 21.
c3 Rac8 22. Nf3 c5 23. exd5 exd5 24. Ne5 Bxe5 25. Bxe5 cxd4 26. Bxd4 Rce8 27.
Qd2 Qf5 28. Rxe8 Rxe8 29. Re1 Re6 30. Rxe6 Qxe6 31. Qe3 Qxe3 32. Bxe3 Ne7 33.
Kf1 Kf7 34. Ke2 Ke6 35. a4 Nc8 36. Kd3 a6 37. g4 g6 38. f4 Nd6 39. b3 b5 40.
axb5 axb5 41. Bd4 h5 42. f5+ gxf5 43. gxh5 Nf7 44. Ke3 Ng5 45. h4 Nh7 46. Kf4
Nf8 47. Bg7 1-0

[Event "ENCI Limburg-open A"]
[Site "Maastricht"]
[Date "2011.06.12"]
[Round "4"]
[White "Meng, Roger"]
[Black "Oosterman, Maarten Jan"]
[Result "1-0"]
[WhiteElo "2255"]
[BlackElo "2010"]
[PlyCount "63"]
[EventDate "2011.06.10"]
[EventType "swiss"]
[EventRounds "7"]
[EventCountry "NED"]
[Source "P.Boonen"]
[SourceDate "2012.01.01"]

1. d4 d5 2. Nf3 c6 3. c4 Nf6 4. e3 a6 5. Bd3 g6 6. O-O Bg7 7. b3 O-O 8. Bb2 Bf5
9. Be2 Nbd7 10. Nbd2 Ne4 11. Nxe4 Bxe4 12. Ng5 e5 13. Nxe4 dxe4 14. d5 f5 15.
dxc6 bxc6 16. b4 f4 17. Bg4 Nb6 18. Qb3 Kh8 19. Rac1 Qg5 20. Bh3 Rad8 21. Rc3
Qh4 22. Qc2 f3 23. c5 Nd5 24. Rc4 Nf6 25. Bxe5 Rd5 26. Bxf6 Qxf6 27. Rxe4 fxg2
28. Bxg2 Rg5 29. Rf4 Qe6 30. Qe4 Qh3 31. Rxf8+ Bxf8 32. f4 1-0

[Event "ENCI Limburg-open A"]
[Site "Maastricht"]
[Date "2011.06.12"]
[Round "4"]
[White "Mengerink, Ynze"]
[Black "Turova, Irina"]
[Result "1/2-1/2"]
[WhiteElo "2147"]
[BlackElo "2442"]
[PlyCount "51"]
[EventDate "2011.06.10"]
[EventType "swiss"]
[EventRounds "7"]
[EventCountry "NED"]
[Source "P.Boonen"]
[SourceDate "2012.01.01"]

1. e4 e5 2. Nc3 Nf6 3. Nf3 Nc6 4. Bb5 Bd6 5. a3 O-O 6. d3 h6 7. g4 Bc5 8. h3 d5
9. g5 hxg5 10. Bxg5 dxe4 11. Bxf6 Qxf6 12. Nxe4 Qe7 13. Nfg5 Bf5 14. Bc4 Rad8
15. Qh5 b5 16. Ng3 Nd4 17. Nxf5 Qxg5 18. Qxg5 Nf3+ 19. Ke2 Nxg5 20. Bxb5 g6 21.
Bc4 e4 22. Rag1 exd3+ 23. cxd3 Rfe8+ 24. Ne3 Ne6 25. Rg4 a5 26. b4 1/2-1/2

[Event "ENCI Limburg-open A"]
[Site "Maastricht"]
[Date "2011.06.12"]
[Round "4"]
[White "Michielsen, Joost"]
[Black "Nabuurs, Joep"]
[Result "1/2-1/2"]
[WhiteElo "2338"]
[BlackElo "2212"]
[PlyCount "97"]
[EventDate "2011.06.10"]
[EventType "swiss"]
[EventRounds "7"]
[EventCountry "NED"]
[Source "P.Boonen"]
[SourceDate "2012.01.01"]

1. e4 c5 2. Nf3 d6 3. d4 cxd4 4. Nxd4 Nf6 5. Nc3 a6 6. Be3 e5 7. Nb3 Be6 8. Qd2
Be7 9. f4 b5 10. O-O-O Nbd7 11. h3 O-O 12. f5 Bc4 13. g4 Bxf1 14. Rhxf1 a5 15.
g5 b4 16. gxf6 bxc3 17. Qxc3 Nxf6 18. Nd2 Rc8 19. Qd3 d5 20. Bg5 Nxe4 21. Bxe7
Qxe7 22. Nxe4 dxe4 23. Qxe4 Rfd8 24. Rd5 Rxd5 25. Qxd5 Qc5 26. Qxc5 Rxc5 27.
Kd2 g5 28. c3 Kg7 29. b4 Rd5+ 30. Ke3 Kf6 31. a4 Ke7 32. Ke4 Kd6 33. Rb1 f6 34.
b5 Kc5 35. b6 Rd8 36. Rb5+ Kc6 37. c4 h5 38. c5 g4 39. hxg4 hxg4 40. Rxa5 Rg8
41. Ra7 Kxc5 42. b7 g3 43. Ra8 Rg4+ 44. Kf3 g2 45. b8=Q Rg3+ 46. Ke2 g1=Q 47.
Qb5+ Kd4 48. Rd8+ Ke4 49. Qc4+ 1/2-1/2

[Event "ENCI Limburg-open A"]
[Site "Maastricht"]
[Date "2011.06.12"]
[Round "4"]
[White "Miedema, David"]
[Black "Kampman, Tijmen"]
[Result "1-0"]
[WhiteElo "2409"]
[BlackElo "2108"]
[PlyCount "77"]
[EventDate "2011.06.10"]
[EventType "swiss"]
[EventRounds "7"]
[EventCountry "NED"]
[Source "P.Boonen"]
[SourceDate "2012.01.01"]

1. d4 g6 2. c4 Bg7 3. e4 d6 4. Nc3 Nf6 5. f3 O-O 6. Be3 e5 7. Nge2 Nc6 8. d5
Ne7 9. c5 Ne8 10. g4 f5 11. h3 dxc5 12. Bxc5 Nd6 13. Qd2 b6 14. Bf2 fxe4 15.
fxe4 Rxf2 16. Kxf2 Qf8+ 17. Kg3 Nf7 18. Bg2 Bh6 19. Qd3 Bg5 20. Raf1 Qh6 21. h4
Bf4+ 22. Nxf4 exf4+ 23. Rxf4 Ne5 24. Qd1 g5 25. hxg5 Qd6 26. Nb5 Qc5 27. Qd4
N7g6 28. Qxc5 bxc5 29. Nxc7 Rb8 30. Ne8 Nxf4 31. Nf6+ Kg7 32. Kxf4 Ng6+ 33. Kg3
Rxb2 34. Rxh7+ Kf8 35. d6 Rd2 36. e5 Be6 37. Be4 Nxe5 38. g6 Bg8 39. Rxa7 1-0

[Event "ENCI Limburg-open A"]
[Site "Maastricht"]
[Date "2011.06.12"]
[Round "4"]
[White "Mueer, Sebastian"]
[Black "Vos, Tjark"]
[Result "0-1"]
[WhiteElo "2257"]
[BlackElo "1819"]
[PlyCount "80"]
[EventDate "2011.06.10"]
[EventType "swiss"]
[EventRounds "7"]
[EventCountry "NED"]
[Source "P.Boonen"]
[SourceDate "2012.01.01"]

1. c4 Nf6 2. g3 g6 3. Bg2 c5 4. Nc3 Bg7 5. e4 Nc6 6. Nge2 O-O 7. O-O d6 8. d3
a6 9. h3 Be6 10. Be3 Qd7 11. Nf4 Rab8 12. a4 Ne8 13. Nxe6 Qxe6 14. Rb1 Nd4 15.
a5 Nc7 16. Nd5 Qd7 17. b4 cxb4 18. Rxb4 Nc6 19. Ra4 e6 20. Nb6 Qd8 21. d4 Na8
22. Nxa8 Rxa8 23. Qa1 Qd7 24. Ra3 Rac8 25. Rd1 Rc7 26. Qb1 Rfc8 27. f4 Qe7 28.
Ra2 e5 29. c5 exd4 30. cxd6 Qxd6 31. e5 Qc5 32. Rc1 Qb5 33. Rb2 Qxa5 34. Bd2
Qa3 35. Rxb7 Qxg3 36. Rxc7 Rxc7 37. Qb6 Nxe5 38. Qb8+ Bf8 39. Rd1 Nf3+ 40. Kf1
Nxd2+ 0-1

[Event "ENCI Limburg-open A"]
[Site "Maastricht"]
[Date "2011.06.12"]
[Round "4"]
[White "Noiroux, Kevin"]
[Black "Bekker, Stefan"]
[Result "0-1"]
[WhiteElo "2185"]
[BlackElo "2162"]
[PlyCount "104"]
[EventDate "2011.06.10"]
[EventType "swiss"]
[EventRounds "7"]
[EventCountry "NED"]
[Source "P.Boonen"]
[SourceDate "2012.01.01"]

1. e4 c5 2. Nc3 a6 3. f4 b5 4. Nf3 Bb7 5. d3 e6 6. a4 b4 7. Ne2 d5 8. e5 Ne7 9.
c3 Nbc6 10. Be3 Nf5 11. Bf2 Be7 12. g4 Nh4 13. Bxh4 Bxh4+ 14. Ng3 Be7 15. Bg2
bxc3 16. bxc3 Qa5 17. Qd2 f6 18. O-O O-O 19. f5 Nxe5 20. Nxe5 fxe5 21. fxe6 g6
22. Rf7 Rxf7 23. exf7+ Kxf7 24. Rb1 Bc6 25. Qh6 Rh8 26. Nh5 Ke6 27. Nf4+ exf4
28. Re1+ Kd7 29. Rxe7+ Kxe7 30. Qg7+ Kd6 31. Qxh8 Qxa4 32. Qf6+ Kd7 33. Qf7+
Kc8 34. Qf8+ Kc7 35. Qe7+ Bd7 36. Qxc5+ Qc6 37. Qa7+ Kc8 38. Qd4 Kc7 39. Bxd5
Qb6 40. Qxb6+ Kxb6 41. g5 a5 42. d4 a4 43. c4 Bf5 44. Kf2 a3 45. c5+ Kb5 46.
Ba2 Be4 47. Bf7 Kc6 48. Be8+ Kd5 49. c6 Kd6 50. Bf7 Kxc6 51. Ba2 Bd5 52. Bb1 a2
0-1